<?xml version="1.0" encoding="UTF-8"?>
<record
    xmlns:xsi="http://www.w3.org/2001/XMLSchema-instance"
    xsi:schemaLocation="http://www.loc.gov/MARC21/slim http://www.loc.gov/standards/marcxml/schema/MARC21slim.xsd"
    xmlns="http://www.loc.gov/MARC21/slim">

  <leader>00673nam a22002057a 4500</leader>
  <controlfield tag="001">86280</controlfield>
  <controlfield tag="003">BD-RjUL</controlfield>
  <controlfield tag="005">20260401092946.0</controlfield>
  <controlfield tag="008">260401s1972    pk ||||| |||| 00| 0 urd d</controlfield>
  <datafield tag="035" ind1=" " ind2=" ">
    <subfield code="a">(BD-RjUL)86280</subfield>
  </datafield>
  <datafield tag="040" ind1=" " ind2=" ">
    <subfield code="a">BD-RjUL</subfield>
    <subfield code="b">eng</subfield>
    <subfield code="c">BD-RjUL</subfield>
  </datafield>
  <datafield tag="041" ind1=" " ind2=" ">
    <subfield code="a">urd</subfield>
  </datafield>
  <datafield tag="082" ind1=" " ind2=" ">
    <subfield code="2">23</subfield>
    <subfield code="a">891.439209</subfield>
    <subfield code="b">SIU 1972</subfield>
  </datafield>
  <datafield tag="100" ind1="1" ind2="0">
    <subfield code="a">&#x635;&#x62F;&#x6CC;&#x642;&#x6CC;&#x60C; &#x641;&#x635;&#x6CC;&#x62D; &#x627;&#x62D;&#x645;&#x62F; ;; Siddiqui, Fasih Ahmed</subfield>
    <subfield code="9">17934</subfield>
  </datafield>
  <datafield tag="245" ind1="1" ind2="0">
    <subfield code="a">&#x627;&#x631;&#x62F;&#x648; &#x6A9;&#x627; &#x67E;&#x6C1;&#x644;&#x627; &#x6CC;&#x6A9;&#x628;&#x627;&#x628;&#x6CC; &#x688;&#x631;&#x627;&#x645;&#x627; ;; Urdu ka pehla yakababi darama /</subfield>
    <subfield code="c">&#x641;&#x635;&#x6CC;&#x62D; &#x627;&#x62D;&#x645;&#x62F; &#x635;&#x62F;&#x6CC;&#x642;&#x6CC; ;; Fasih Ahmed Siddiqui</subfield>
  </datafield>
  <datafield tag="260" ind1=" " ind2=" ">
    <subfield code="a">Aligarh :</subfield>
    <subfield code="b">rahsimi prees, </subfield>
    <subfield code="c">1972</subfield>
  </datafield>
  <datafield tag="300" ind1=" " ind2=" ">
    <subfield code="a">132 p. ;</subfield>
    <subfield code="c">21 cm</subfield>
  </datafield>
  <datafield tag="650" ind1=" " ind2=" ">
    <subfield code="a">Urdu literature</subfield>
  </datafield>
  <datafield tag="942" ind1=" " ind2=" ">
    <subfield code="2">ddc</subfield>
    <subfield code="c">BK</subfield>
  </datafield>
  <datafield tag="999" ind1=" " ind2=" ">
    <subfield code="c">86280</subfield>
    <subfield code="d">86280</subfield>
  </datafield>
  <datafield tag="952" ind1=" " ind2=" ">
    <subfield code="0">0</subfield>
    <subfield code="1">0</subfield>
    <subfield code="2">ddc</subfield>
    <subfield code="4">0</subfield>
    <subfield code="7">1</subfield>
    <subfield code="8">NFIC</subfield>
    <subfield code="a">RUCL</subfield>
    <subfield code="b">RUCL</subfield>
    <subfield code="c">Reading</subfield>
    <subfield code="d">1980-03-25</subfield>
    <subfield code="e">India International</subfield>
    <subfield code="l">0</subfield>
    <subfield code="o">U 891.439209 SIU 1972</subfield>
    <subfield code="r">2026-04-01 00:00:00</subfield>
    <subfield code="t">C-1</subfield>
    <subfield code="w">2026-04-01</subfield>
    <subfield code="y">BK</subfield>
  </datafield>
</record>
